Los venenos de la inteligencia (Record no. 163502)

MARC details
000 -LEADER
campo de control de longitud fija 01136nam a2200265 i 4500
001 - NÚMERO DE CONTROL
campo de control 163502
003 - IDENTIFICADOR DE NÚMERO DE CONTROL
campo de control ES-MaACL
005 - FECHA Y HORA DE LA ÚLTIMA TRANSACCIÓN
campo de control 20250901041232.0
008 - DATOS DE LONGITUD FIJA--INFORMACIÓN GENERAL
campo de control de longitud fija 021205s1878 sp |||| | spa d
080 ## - NÚMERO DE LA CLASIFICACIÓN DECIMAL UNIVERSAL
Número de la Clasificación Decimal Universal 159.942
100 1# - ENTRADA PRINCIPAL--NOMBRE DE PERSONA
Nombre de persona Richet, Charles (
Fechas asociadas al nombre 1850-1935)
9 (RLIN) 96954
245 14 - MENCIÓN DEL TÍTULO
Título Los venenos de la inteligencia
Resto del título ; El asco y sus causas : (ensayos psicológicos) /
Mención de responsabilidad, etc. Carlos Richet ; versión española precedida de una introducción del autor por Manuel de Tolosa y Latour.
260 ## - PUBLICACIÓN, DISTRIBUCIÓN, ETC.
Lugar de publicación, distribución, etc. Madrid :
Nombre del editor, distribuidor, etc. Casa Editorial de Medina,
Fecha de publicación, distribución, etc. [1878?] (
Fabricante Estab. Tip. de J.C. Conde y Cª)
300 ## - DESCRIPCIÓN FÍSICA
Extensión IX, [1], 190 p. ;
Dimensiones 15 cm.
596 ## - NOTA AL PIE DE IMPRENTA
NOTA AL PIE DE IMPRENTA En p. V consta: "1º de enero de 1878"
650 04 - PUNTO DE ACCESO ADICIONAL DE MATERIA--TÉRMINO DE MATERIA
Término de materia o nombre geográfico como elemento de entrada Drogas-
Subdivisión general Efectos fisiológicos.
9 (RLIN) 11983
650 #4 - PUNTO DE ACCESO ADICIONAL DE MATERIA--TÉRMINO DE MATERIA
Término de materia o nombre geográfico como elemento de entrada Aversión.
9 (RLIN) 158540
650 #4 - PUNTO DE ACCESO ADICIONAL DE MATERIA--TÉRMINO DE MATERIA
Término de materia o nombre geográfico como elemento de entrada Emociones y sentimientos-
Subdivisión general Aspectos fisiológicos
9 (RLIN) 12197
650 07 - PUNTO DE ACCESO ADICIONAL DE MATERIA--TÉRMINO DE MATERIA
Término de materia o nombre geográfico como elemento de entrada Psicología fisiológica
Fuente del encabezamiento o término embne
9 (RLIN) 16565
700 1# - ENTRADA AGREGADA--NOMBRE PERSONAL
Nombre de persona Tolosa Latour, Manuel,
Fechas asociadas al nombre 1857-1919
9 (RLIN) 110485
740 32 - ENTRADA AGREGADA--TÍTULO RELACIONADO/ANALÍTICO NO CONTROLADO
Título relacionado o analítico no controlado El asco y sus causas.
852 ## - LOCALIZACIÓN
Ubicación ES-MaACL
Número de control de estantería G-10980(1)
Nota libre - Enc. hol.
852 ## - LOCALIZACIÓN
Ubicación ES-MaACL
Número de control de estantería D-3811
Nota libre - Legado M. de La Fuente
Holdings
Estatus retirado Estado de pérdida Estado de daño No para préstamo Colección Biblioteca de origen Biblioteca actual Ubicación en estantería Fecha de adquisición Fuente de adquisición Total de préstamos Signatura topográfica completa Código de barras Visto por última vez Precio de reemplazo Tipo de ítem Koha
        Libros del s. XIX Biblioteca del Ateneo de Madrid Biblioteca del Ateneo de Madrid Sala Valle Inclán 27/02/2012     D-3811 901189015 23/02/2023 23/02/2023 Libro impreso antiguo
        Libros del s. XIX Biblioteca del Ateneo de Madrid Biblioteca del Ateneo de Madrid Sala Pecera Planta 3 17/01/2008     G-10980(1) 1171333 23/02/2023 23/02/2023 Libro impreso antiguo